01241cam a2200325 i 4500001001000000003000900010005001700019008004100036020002500077020002200102040004500124082001900169245010400188250001900292264005000311300005600361336002600417337002800443338002700471504005200498650003400550650003100584653003400615655001700649700003400666700003100700942001200731999001700743952015500760015588596EG-ScBUE20260302102245.0100624s2011 enka f b 001 0 eng d a9780080967103 (pbk.) a0080967108 (pbk.) aStDuBDSbengerdacStDuBDSdUkdEG-ScBUE04a551.9222bISO00aIsotope geochemistry :bfrom the Treatise on geochemistry /ceditors H. D. Holland, K. K. Turekian. aFirst edition. 1aLondon : bAcademic Press / Elsevier, c2011. ax, 739 pages :billustrations (some color) ;c27 cm 2rdacontentatextbtxt 2rdamediaaunmediatedbn 2rdacarrieravolumebnc aIncludes bibliographical references and index.  7aIsotope geology.2BUEsh93296 7aGeochemistry.2BUEsh94582 bENGGENcJuly2015cJanuary2016 vReading book1 aHolland, Heinrich D.eeditor.1 aTurekian, Karl K.eeditor. 2ddccBB c20123d20095 00102ddc40708ScientificaMAINbMAINc1STd2015-07-02ePurchaseg450.00h1091l3o551.9 ISOp000039328r2025-07-15 00:00:00s2022-06-01v562.50yBB